000 01316cam a22002174a 4500
005 20250605164328.0
008 250528s ||||||||||||||||||||||||d
035 _a23118
020 _a9600208956
040 _aGR-AtMCL
_bgre
_dGR-AtMCL
_eAACR2
245 1 _aΒιομηχανικά Πάρκα
260 _bΠαπαζήση,
_c1991
300 _a128
520 _aΓενικές Πλευρές και Διαστάσεις του Ζητήματος, Ο Θεσμός των Βιομηχανικών Περιοχών στη Θεωρία και στην Πράξη: Οικονομική Ανάπτυξη και Σχεδιασμός της Βιομηχανικής Χωροθέτησης, Βασικές Κατευθύνσεις Αναπτυξιακού Πλαισίου ΒΙ.ΠΑ. Αττικής: Η Στρατηγική της Ανάπτυξης και Γενικά Κριτήρια Οργάνωσης και Σχεδιασμού ΒΙ.ΠΑ., Γενικός Οδηγός για τη Μεθοδολογία Φυσικού Σχεδιασμού και της Ανάπτυξης των ΒΙ.ΠΑ..
700 1 _aΒλιάμος Σπύρος
_98679
700 1 _aΓεωργουλής Δημήτρης
_98680
700 1 _aΚουρλιούρος Ηλίας
_98681
942 _cBK
999 _c8148
_d8148